Manejo efectivo de un grupo:el desarrollo de los grupos hacia la madurez y la productividad (Registro nro. 9710)
[ vista simple ]
| 000 -CABECERA | |
|---|---|
| campo de control de longitud fija | 00677nam a22002297a 4500 |
| 005 - FECHA Y HORA DE ACTUALIZACIÓN | |
| campo de control | 20170810141256.0 |
| 008 - LONGITUD FIJA | |
| campo de control de longitud fija | 170810b xxu||||| |||| 00| 0 spa d |
| 020 ## - INTERNATIONAL STANDARD BOOK NUMBER | |
| Número Internacional Estándar del Libro | 9789682481086 |
| 041 ## - IDIOMA | |
| Código de idioma del texto/pista de sonido o título separado | |
| 082 ## - CLASIFICACIÓN DECIMAL DEWEY | |
| Número de clasificación | 371.395 C386m3 |
| 100 ## - AUTOR PERSONAL | |
| Nombre de persona | Cázares González, Yolanda María |
| 245 ## - TÍTULO PROPIAMENTE DICHO | |
| Título | Manejo efectivo de un grupo:el desarrollo de los grupos hacia la madurez y la productividad |
| 260 ## - PIE DE IMPRENTA | |
| Lugar de publicación, distribución, etc. | México |
| 260 ## - PIE DE IMPRENTA | |
| Nombre del editor, distribuidor, etc. | 2011 |
| 650 ## - Materia General | |
| Materia general | TRABAJO DE GRUPOS |
| 650 ## - Materia General | |
| Materia general | EDUCACIÓN |
| 650 ## - Materia General | |
| Materia general | ESTUDIO Y ENSEÑANZA |
| 650 ## - Materia General | |
| Materia general | METODOLOGÍA |
| 650 ## - Materia General | |
| Materia general | TÉCNICAS |
| 650 ## - Materia General | |
| Materia general | MÉTODOS DE ENSEÑANZA |
| 942 ## - Punto de Acceso Adicional Koha | |
| Tipo de ítem Koha | Libro |
| Estado perdido | Estado dañado | No para préstamo | Biblioteca permanente | Biblioteca actual | Signatura completa | Código de barras | Precio efectivo a partir del | Tipo de ítem |
|---|---|---|---|---|---|---|---|---|
| Departamento de Biblioteca y Documentación Alfonso Chase Brenes | Departamento de Biblioteca y Documentación Alfonso Chase Brenes | 371.395 C386m3 | 22510 | 10/08/2017 | Libro |